[Event "Moscow op2"]
[Site "Moscow"]
[Date "1995.??.??"]
[Round "7"]
[White "Dragomarezkij, Evgeni"]
[Black "Lazarev, Sergei G"]
[Result "1-0"]
[WhiteElo "2475"]
[BlackElo "2345"]

1.d4 Nf6 2.c4 e6 3.Nc3 Bb4 4.Qc2 O-O 5.a3 Bxc3+ 6.Qxc3 b5 7.cxb5 Nd5 8.Qc2 f5
9.e3 c6 10.Bd2 cxb5 11.Bxb5 Bb7 12.Be2 a5 13.Nf3 Qb6 14.O-O Rc8 15.Qb1 a4
16.Ne5 d6 17.Nc4 Qd8 18.Rc1 Nc6 19.Bf1 Nce7 20.b4 axb3 21.Qxb3 Rcb8 22.a4 Bc6
23.Qc2 Nb4 24.Bxb4 Rxb4 25.a5 Be4 26.Qd2 Rbb8 27.Nb6 Ra7 28.Bc4 Bd5 29.Nxd5 exd5
30.Bd3 Kf7 31.g3 Ke6 32.a6 h5 33.Qa2 Kf6 34.Rab1 g5 35.Rxb8 Qxb8 36.Rb1 Qc7
37.Qa4  1-0

[Event "RUS-chJ"]
[Site "Moscow"]
[Date "1995.??.??"]
[Round "10"]
[White "Kiriakov, Petr"]
[Black "Shariyazdanov, Andrey"]
[Result "1-0"]
[WhiteElo "2480"]
[BlackElo "2460"]

1.d4 Nf6 2.c4 e6 3.Nc3 Bb4 4.Qc2 O-O 5.a3 Bxc3+ 6.Qxc3 b6 7.Bg5 Bb7 8.Nh3 h6
9.Bh4 d5 10.cxd5 exd5 11.e3 c5 12.Bd3 Nc6 13.dxc5 d4 14.Qc2 Ne5 15.O-O g5
16.Bg3 Nxd3 17.Qxd3 Qd5 18.f3 bxc5 19.Rfe1 Rfe8 20.Nf2 Qe6 21.e4 Red8 22.Qb5 Qb6
23.a4 Ba6 24.Qxb6 axb6 25.Bc7 Rdc8 26.Bxb6 Rab8 27.a5 Nd7 28.b4 Nxb6 29.axb6 Rxb6
30.bxc5 Rxc5 31.Red1 Rc4 32.Rd2 Rcb4 33.Rad1 Rb1 34.Ng4 Rxd1+ 35.Rxd1 d3
36.Rd2 Kg7 37.Kf2 Rb3 38.Ke3 h5 39.Nf2 h4 40.g3 hxg3 41.hxg3 Rb1 42.Nxd3 Bxd3
43.Rxd3 Rb2 44.e5 Rb4 45.Rd7 Kf8 46.g4 Ra4 47.Rd4 Ra5 48.Ke4 Ke7 49.Rb4 Ra3
50.Rb7+ Ke8 51.Rb8+ Ke7 52.Rb4 Ra5 53.Rb3 Kf8 54.Kf5 Kg7 55.Rd3 Rb5 56.Rd7 Ra5
57.Re7 Kf8 58.Kf6 Ra6+ 59.e6 fxe6 60.Rxe6 Ra5 61.Re5 Ra3 62.Rf5  1-0

[Event "New Castle schev"]
[Site "New Castle on Tyne"]
[Date "1995.??.??"]
[Round "1"]
[White "Whiteley, Andrew J"]
[Black "Martin, Benjamin"]
[Result "0-1"]
[WhiteElo "2335"]
[BlackElo "2355"]

1.d4 Nf6 2.c4 e6 3.Nc3 Bb4 4.Qc2 O-O 5.a3 Bxc3+ 6.Qxc3 b6 7.Bg5 c5 8.dxc5 bxc5
9.e3 d6 10.Bd3 Nbd7 11.Nf3 Qb6 12.O-O-O Bb7 13.Rd2 Be4 14.Rhd1 d5 15.Qc2 Rfe8
16.cxd5 Bxd3 17.Rxd3 exd5 18.Rb3 Qe6 19.Bxf6 Nxf6 20.Kb1 Ne4 21.Rbd3 Red8
22.Ng1 c4 23.Rd4 Rab8 24.Ka1 Nc5 25.Rh4 Nd3 26.Rb1 Rb3 27.Ne2 Qe7 28.Nc1 Qxh4
29.Nxb3 Qxf2 30.Qxf2 Nxf2 31.Nd2 Re8 32.Nf1 Rb8 33.Rc1 Kf8 34.Rc2 Nd3 35.e4 dxe4
36.Nd2 f5 37.Nxc4 Rc8 38.g3 Ke7 39.Kb1 Ke6 40.b3 g5 41.Re2 Kd5 42.Kc2 Kd4
43.Kd2 Rc5 44.Nd6 Rd5 45.Ne8 Re5 46.Nf6 f4 47.gxf4 gxf4 48.Ng4 e3+  0-1

[Event "JUG-ch sf"]
[Site "Nis"]
[Date "1995.??.??"]
[Round "?"]
[White "Todorovic, Bojan"]
[Black "Tesic, Dragan"]
[Result "1-0"]
[WhiteElo "2360"]
[BlackElo "2335"]

1.d4 Nf6 2.c4 e6 3.Nc3 Bb4 4.Qc2 O-O 5.a3 Bxc3+ 6.Qxc3 b5 7.cxb5 c6 8.Bg5 cxb5
9.e3 Bb7 10.Nf3 Nc6 11.Bxb5 Rc8 12.Be2 Na5 13.Bxf6 gxf6 14.Qd3 Bd5 15.Nd2 Nc4
16.Nxc4 Bxc4 17.Qd2 Bxe2 18.Kxe2 Qb6 19.Rhc1 Qb5+ 20.Ke1 a5 21.Rxc8 Rxc8
22.Rc1 Rb8 23.Rc5 Qb7 24.Kf1 a4 25.h3 d6 26.Rc2 Qd5 27.Kg1 Kg7 28.Qe2 h5
29.Qc4 Qxc4 30.Rxc4 Rxb2 31.Rxa4 d5 32.g3 Ra2 33.Kg2 Kg6 34.Ra8 Ra1 35.a4 Ra3
36.a5 f5 37.a6 Kf6 38.a7 Kg7 39.Kf3 Ra2 40.Kg2 Ra1 41.f3 Ra2+ 42.Kf1 Kh7
43.Ke1 Kg7 44.Kd1 Kh7 45.Kc1 Kg7 46.Kb1 Ra6 47.Kb2 Rb6+ 48.Kc3 Rc6+ 49.Kb4 Ra6
50.Kb5 Ra1 51.Kb6 Rb1+ 52.Kc6 Ra1 53.g4 fxg4 54.hxg4 hxg4 55.fxg4 Rc1+ 56.Kd6 Ra1
57.g5 Ra6+ 58.Ke5 Ra3 59.g6 fxg6 60.Kxe6 Ra5 61.Ke5 Kh7 62.e4  1-0

[Event "Novgorod op"]
[Site "Novgorod"]
[Date "1995.??.??"]
[Round "2"]
[White "Skomorokhin, Roman"]
[Black "Pavlov, Aleksandr"]
[Result "0-1"]
[WhiteElo "2465"]
[BlackElo "2250"]

1.d4 Nf6 2.c4 e6 3.Nc3 Bb4 4.Qc2 O-O 5.a3 Bxc3+ 6.Qxc3 b6 7.Bg5 h6 8.Bh4 c5
9.dxc5 bxc5 10.e3 Nc6 11.f3 Re8 12.O-O-O Rb8 13.Nh3 Ne4 14.fxe4 Qxh4 15.Nf4 Qg5
16.Qd2 Rb6 17.Be2 d6 18.h4 Qe5 19.Nd3 Qxe4 20.Nf2 Qe5 21.Nd3 Qe4 22.Nf2 Qe5
23.Ng4 Qf5 24.Qc3 h5 25.Rhf1 Qg6 26.Nf2 e5 27.g4 hxg4 28.h5 Qh6 29.Rd2 f5
30.Kb1 Rf8 31.Ka1 Rf6 32.Rfd1 g3 33.Nd3 Qxe3 34.Bf1 Nd4 35.Ka2 Ba6 36.Re1 Qg5
37.Nc1 Nf3  0-1

[Event "Novgorod op"]
[Site "Novgorod"]
[Date "1995.??.??"]
[Round "4"]
[White "Sherbakov, Ruslan"]
[Black "Razuvaev, Yuri S"]
[Result "1/2-1/2"]
[WhiteElo "2520"]
[BlackElo "2580"]

1.d4 Nf6 2.c4 e6 3.Nc3 Bb4 4.Qc2 O-O 5.a3 Bxc3+ 6.Qxc3 b6 7.Bg5 Bb7 8.f3 h6
9.Bh4 d5 10.e3 Nbd7 11.cxd5 Nxd5 12.Bxd8 Nxc3 13.Be7 Rfe8 14.Bh4 Nd5 15.Bf2 f5
16.Bb5 c6 17.Bc4  1/2-1/2

[Event "JUG-ch"]
[Site "Novi Sad"]
[Date "1995.??.??"]
[Round "?"]
[White "Mozetic, Dejan"]
[Black "Drasko, Milan"]
[Result "0-1"]
[WhiteElo "2540"]
[BlackElo "2510"]

1.c4 Nf6 2.d4 e6 3.Nc3 Bb4 4.Qc2 O-O 5.a3 Bxc3+ 6.Qxc3 Ne4 7.Qc2 f5 8.g3 b6
9.Bg2 Bb7 10.Nf3 Nf6 11.O-O Be4 12.Qc3 a5 13.b3 Nc6 14.Rd1 Ne7 15.Bb2 Qe8
16.Bf1 f4 17.d5 fxg3 18.hxg3 exd5 19.cxd5 Nexd5 20.Qc4 c6 21.Bxf6 b5 22.Qd4 Nxf6
23.Rac1 Bd5 24.Rc3 Qh5 25.Qh4 Qxh4 26.gxh4 b4 27.axb4 axb4 28.Re3 Ra3 29.Bg2 Rxb3
30.Rxb3 Bxb3 31.Rb1 Bc4 32.e3 Rb8 33.Ne5 Be6 34.Nd3 b3 35.Nc5 Bf7  0-1

[Event "JUG-ch"]
[Site "Novi Sad"]
[Date "1995.??.??"]
[Round "?"]
[White "Ristic, Nenad"]
[Black "Drasko, Milan"]
[Result "0-1"]
[WhiteElo "2395"]
[BlackElo "2510"]

1.d4 Nf6 2.c4 e6 3.Nc3 Bb4 4.Qc2 O-O 5.a3 Bxc3+ 6.Qxc3 b6 7.Nf3 d6 8.g3 Bb7
9.Bg2 Nbd7 10.O-O c5 11.dxc5 bxc5 12.Rd1 a5 13.Bf4 e5 14.Bg5 Qb6 15.Bh3 Rfe8
16.Nd2 h6 17.Bxf6 Nxf6 18.f3 e4 19.Nf1 exf3 20.exf3 Re2 21.Rd2 Rxd2 22.Nxd2 Re8
23.Kf2 d5 24.Re1 Rb8 25.cxd5 Bxd5 26.Bf5 g6 27.Bb1 Qxb2 28.Rc1 Nd7 29.h4 Kf8
30.h5 Rb3 31.Qxb2 Rxb2 32.Ke3 gxh5 33.Bf5 Be6 34.Bxe6 fxe6 35.Rc4 Ra2 36.Rf4+ Ke8
37.Nc4 a4 38.Rh4 Nf6 39.Rh1 Ke7 40.Kd3 Rg2 41.Rh3 Kd7 42.Nb6+ Kc6 43.Nxa4 Ra2
44.Kc4 Rc2+ 45.Kb3 Rf2 46.f4 Rf3+ 47.Ka2 Kb5 48.Nb2 c4 49.Nd1 Rd3 50.Rh1 Rxg3
51.Re1 Rg2+ 52.Kb1 Nd5 53.Rxe6 c3 54.Ne3 Nxe3 55.Rxe3 Kc4 56.Re6 h4 57.Rxh6 h3
58.Rxh3 Kb3 59.Rh1 Rb2+ 60.Kc1 Ra2  0-1

[Event "JUG-ch"]
[Site "Novi Sad"]
[Date "1995.??.??"]
[Round "?"]
[White "Drasko, Milan"]
[Black "Abramovic, Bosko"]
[Result "1/2-1/2"]
[WhiteElo "2510"]
[BlackElo "2520"]

1.d4 Nf6 2.c4 e6 3.Nc3 Bb4 4.Qc2 O-O 5.a3 Bxc3+ 6.Qxc3 b6 7.Nf3 Bb7 8.e3 d6
9.Be2 Nbd7 10.O-O Qe7 11.b4 c5 12.dxc5 bxc5 13.b5 Ne4 14.Qc2 f5 15.Bb2 e5
16.Nd2 Ng5 17.f3 f4 18.Qc3 Ne6 19.Rae1 Rf6 20.Bd3 Raf8 21.Be4 Bxe4 22.fxe4 Nb6
23.Bc1 fxe3 24.Rxf6 Rxf6 25.Qxe3 Nd4 26.Qd3 Rg6 27.Re3 Qe6 28.h3 h6 29.Bb2 Na4
30.Bxd4 cxd4 31.Rf3 Nc5 32.Qf1 Qe7 33.Kh2 Kh7 34.Qf2 Qg5 35.Kh1 Rf6 36.Rxf6 gxf6
37.h4 Qg6 38.Qf3 h5 39.Kg1 Qh6 40.Qf5+ Kg7 41.Nf1 Qg6 42.Qxg6+ Kxg6 43.Ng3 Na4
44.Kf2 Nb2 45.Nf5 Nxc4 46.a4 d5 47.Ne7+ Kf7 48.Nxd5 Nd2 49.a5 Nxe4+ 50.Ke2 Nd6
51.Nc7 e4 52.b6 d3+ 53.Kf2 axb6 54.a6 Nc8 55.Nb5 Ke6 56.Ke3 f5 57.a7 Nxa7
58.Nxa7 f4+ 59.Kd2 Kd5 60.Kc3 Ke5 61.Nb5 Kf5 62.Nd6+ Ke5 63.Nc4+ Kf5 64.Nd6+ Ke5  1/2-1/2

[Event "RUS-sf"]
[Site "Novosibirsk"]
[Date "1995.??.??"]
[Round "3"]
[White "Kiriakov, Petr"]
[Black "Ivanov, Timur"]
[Result "1/2-1/2"]
[WhiteElo "2480"]
[BlackElo "2425"]

1.d4 Nf6 2.c4 e6 3.Nc3 Bb4 4.Qc2 O-O 5.a3 Bxc3+ 6.Qxc3 b6 7.Bg5 c5 8.dxc5 bxc5
9.e3 d6 10.Bd3 Nbd7 11.Ne2 Rb8 12.O-O h6 13.Bh4 Ne4 14.Bxd8 Nxc3 15.Be7 Nxe2+
16.Bxe2 Re8 17.Bxd6 Rxb2 18.Bf3 Bb7 19.Rab1 Rxb1 20.Rxb1 Bxf3 21.gxf3 Rc8
22.Rb7 Nb6 23.Rb8 Rxb8 24.Bxb8 Nxc4 25.Bxa7  1/2-1/2

[Event "Novosibirsk"]
[Site "Novosibirsk"]
[Date "1995.??.??"]
[Round "4"]
[White "Kharlov, Andrei"]
[Black "Vyzmanavin, Alexey"]
[Result "1-0"]
[WhiteElo "2555"]
[BlackElo "2605"]

1.d4 Nf6 2.c4 e6 3.Nc3 Bb4 4.Qc2 O-O 5.a3 Bxc3+ 6.Qxc3 Ne4 7.Qc2 f5 8.Nh3 d6
9.f3 Nf6 10.e3 Qe7 11.Bd3 a5 12.Bd2 b6 13.O-O Bb7 14.b4 axb4 15.axb4 Nbd7
16.Qb2 Rfb8 17.Bc2 Qd8 18.Ba4 Ba6 19.Qc2 Bb7 20.Ra2 Qe7 21.Rfa1 h6 22.Bb3 c5
23.Ra7 Qe8 24.Bc3 Qf7 25.Qd1 Rxa7 26.Rxa7 Qe7 27.Qd2 e5 28.Nf2 Kh8 29.h3 Nf8
30.Bc2 cxd4 31.exd4 Qe6 32.c5 e4 33.fxe4 fxe4 34.d5 Qxd5 35.Qxd5 Nxd5 36.Bxg7+ Kxg7
37.c6 Nxb4 38.Rxb7+ Rxb7 39.cxb7 Nd7 40.Ba4 Nb8 41.Nxe4 d5 42.Nd6 N4a6 43.Bb3 Nc7
44.Nc8 b5 45.Ne7 d4 46.Nf5+ Kf6 47.Nxh6 Nca6 48.Ng4+ Kf5 49.Bd5 Nc5 50.Kf2 b4
51.Ke2 b3 52.Kd2 d3 53.Kc3 Kf4 54.Nf2 Ke3 55.Nd1+ Kf4 56.Nb2 Ke3 57.Bf3 Nbd7
58.h4 Ne4+ 59.Bxe4  1-0

[Event "HUN-ch U20"]
[Site "Paks"]
[Date "1995.??.??"]
[Round "?"]
[White "Csiszar, Zoltan"]
[Black "Csoke, Krisztian"]
[Result "1/2-1/2"]
[WhiteElo "2220"]
[BlackElo "2295"]

1.d4 Nf6 2.c4 e6 3.Nc3 Bb4 4.Qc2 O-O 5.a3 Bxc3+ 6.Qxc3 d6 7.Bg5 h6 8.Bxf6 Qxf6
9.Nf3 Nd7 10.e3 Re8 11.Be2 e5 12.O-O e4 13.Nd2 Qg6 14.f3 f5 15.b4 c6 16.Rab1 Nf6
17.f4 Kh8 18.Kh1 Bd7 19.Nb3 Rec8 20.Qd2 Qf7 21.Na5 Be6 22.Rbc1 Rab8 23.c5 d5
24.Nb3 Bd7 25.Qe1 Ne8 26.Qh4 Qf6  1/2-1/2

[Event "HUN-ch U20"]
[Site "Paks"]
[Date "1995.??.??"]
[Round "?"]
[White "Lehmann, Zoltan"]
[Black "Csiszar, Zoltan"]
[Result "1/2-1/2"]
[WhiteElo "2340"]
[BlackElo "2220"]

1.d4 Nf6 2.c4 e6 3.Nc3 Bb4 4.Qc2 O-O 5.Bg5 h6 6.Bh4 c5 7.e3 b6 8.Bd3 Bb7
9.f3 cxd4 10.exd4 d5 11.cxd5 Bxd5 12.Ne2 Nbd7 13.O-O Bb7 14.Rac1 Be7 15.a3 Rc8
16.Qb1 Nd5 17.Bxe7 Qxe7 18.Nxd5 Bxd5 19.Ba6 Rxc1 20.Rxc1 Nf6 21.Qc2 Bb7 22.Bd3 Nd5
23.Qd2  1/2-1/2

[Event "Pardubice op"]
[Site "Pardubice"]
[Date "1995.??.??"]
[Round "?"]
[White "Kiriakov, Petr"]
[Black "Savon, Vladimir A"]
[Result "1/2-1/2"]
[WhiteElo "2495"]
[BlackElo "2415"]

1.d4 Nf6 2.c4 e6 3.Nc3 Bb4 4.Qc2 O-O 5.a3 Bxc3+ 6.Qxc3 Ne4 7.Qc2 f5 8.g3 b6
9.Bg2 Bb7 10.Nf3 Nf6 11.O-O Be4 12.Qc3 a5 13.b3 Nc6 14.Bb2 Ne7 15.Rfd1 Qe8
16.h3 h6  1/2-1/2

[Event "PCA/Intel-GP"]
[Site "Paris"]
[Date "1995.??.??"]
[Round "1"]
[White "Georgiev, Kiril"]
[Black "Aseev, Konstantin N"]
[Result "1-0"]
[WhiteElo "2605"]
[BlackElo "2530"]

1.d4 Nf6 2.c4 e6 3.Nc3 Bb4 4.Qc2 O-O 5.a3 Bxc3+ 6.Qxc3 b6 7.Bg5 c5 8.dxc5 bxc5
9.e3 d6 10.Bd3 Nbd7 11.Nf3 Rb8 12.O-O Qb6 13.Rab1 a5 14.b3 Ba6 15.Rfd1 d5
16.Ne5 d4 17.exd4 cxd4 18.Qe1 Nxe5 19.Qxe5 Nd7 20.Qg3 f6 21.Bf4 Rbc8 22.Bd6 Rf7
23.Rdc1 e5 24.c5 Qc6 25.Bf5 Re8 26.Qh3 g6 27.Be6 Rxe6 28.Qxe6 Kg7 29.Bf8+  1-0

[Event "WchT U26"]
[Site "Parnaiba"]
[Date "1995.??.??"]
[Round "?"]
[White "Tabernig, Bernhard"]
[Black "Kacheishvili, Giorgi"]
[Result "1/2-1/2"]
[WhiteElo "2285"]
[BlackElo "2440"]

1.d4 Nf6 2.c4 e6 3.Nc3 Bb4 4.Qc2 O-O 5.a3 Bxc3+ 6.Qxc3 d6 7.Bg5 Nbd7 8.e3 b6
9.Bd3 Bb7 10.f3 h6 11.Bh4 e5 12.O-O-O e4 13.Bc2 Qe8 14.d5 b5 15.Qd4 exf3
16.gxf3 bxc4 17.e4 Qe5 18.Ne2 Rfe8 19.Rhg1 Kf8 20.Ba4 Nc5 21.Bxf6 gxf6 22.Bc2 Qxd4
23.Nxd4 Bc8 24.Nb5 Na6 25.Rd4 Bd7 26.Nc3 Ke7 27.Rxc4 Rg8 28.Rg3 Rg5 29.Ba4 Nc5
30.Bxd7 Kxd7 31.Kc2 a5 32.b4 axb4 33.axb4 Na6 34.Ne2 Rag8 35.Kb3 h5 36.f4 Rxg3+
37.hxg3 Re8 38.Nc3 Rg8 39.Ne2 Re8 40.Nc3  1/2-1/2

[Event "World op"]
[Site "Philadelphia"]
[Date "1995.??.??"]
[Round "2"]
[White "Paschall, William M"]
[Black "Epishin, Vladimir"]
[Result "1/2-1/2"]
[WhiteElo "2370"]
[BlackElo "2640"]

1.d4 Nf6 2.c4 e6 3.Nc3 Bb4 4.Qc2 O-O 5.a3 Bxc3+ 6.Qxc3 b6 7.Bg5 h6 8.Bh4 c5
9.dxc5 bxc5 10.e3 d6 11.Bd3 Nbd7 12.Ne2 Qb6 13.Rd1 Ba6 14.O-O Rfc8 15.Bg3 d5
16.cxd5 Nxd5 17.Qc2 c4 18.Bh7+ Kh8 19.Be4 N7f6 20.Bxd5 Nxd5 21.e4 Qb3 22.Rd2 Nf6
23.Nc3 Qxc2 24.Rxc2 Rd8 25.f3 Nh5 26.Kf2 g5 27.Re1 Kg7 28.Rd1 Rd3 29.Rxd3 cxd3
30.Rd2 Kg6 31.Na2 Bb5 32.Nb4 f5 33.Be5 Rd8 34.Na2 Nf6 35.Nc3 Bc4 36.g3 Bb3
37.Ke3 Bc2  1/2-1/2

[Event "World op"]
[Site "Philadelphia"]
[Date "1995.??.??"]
[Round "2"]
[White "Remlinger, Larry"]
[Black "Ulfarsson, Magnus Orn"]
[Result "1/2-1/2"]
[WhiteElo "2420"]
[BlackElo "2230"]

1.d4 Nf6 2.c4 e6 3.Nc3 Bb4 4.Qc2 O-O 5.a3 Bxc3+ 6.Qxc3 b6 7.Bg5 c5 8.dxc5 bxc5
9.e3 Nc6 10.Bd3 h6 11.Bh4 Rb8 12.Bg3 e5 13.Ne2 d6 14.Rd1 Qb6 15.Rd2 Be6 16.O-O Na5
17.Nc1 Nxc4 18.Rc2 Nxb2 19.Rd2 c4 20.Bc2 Nd5 21.Rxd5 Bxd5 22.f4 e4 23.Ne2 Nd3
24.Nd4 f5 25.Bh4 Qc5 26.Ba4 Rf7 27.Kh1 Rb3 28.Qc2 Rxa3 29.Be8 c3 30.Bxf7+ Bxf7
31.Qb1 Ra2 32.Qb8+ Kh7 33.Qf8 Qc7 34.Be7 Rf2 35.Rg1 Rd2 36.Rf1 Rf2 37.Rg1 Rd2  1/2-1/2

[Event "Polanica Zdroj op"]
[Site "Polanica Zdroj"]
[Date "1995.??.??"]
[Round "5"]
[White "Pisulinski, Jan"]
[Black "Mochalov, Evgeny V"]
[Result "1-0"]
[WhiteElo "2390"]
[BlackElo "2470"]

1.d4 Nf6 2.c4 e6 3.Nc3 Bb4 4.Qc2 O-O 5.a3 Bxc3+ 6.Qxc3 b6 7.Bg5 c5 8.dxc5 bxc5
9.e3 d6 10.Bd3 Nbd7 11.Ne2 a5 12.Rd1 Ra6 13.Qc2 h6 14.Bh4 Bb7 15.O-O Qa8
16.f3 Rb6 17.Nc3 Ba6 18.Rf2 Rfb8 19.Na4 Rb3 20.Qc1 Qc6 21.Nc3 Ne5 22.Bxf6 Nxd3
23.Rxd3 Bxc4 24.Rd1 gxf6 25.Ne4 Bd3 26.Nxf6+ Kg7 27.Nh5+ Kh7 28.e4 e5 29.f4 Bxe4
30.fxe5 Bg6 31.Rxd6 Qa4 32.Rxf7+  1-0

[Event "Polanica Zdroj op"]
[Site "Polanica Zdroj"]
[Date "1995.??.??"]
[Round "9"]
[White "Kula, Robert"]
[Black "Mochalov, Evgeny V"]
[Result "0-1"]
[WhiteElo "2350"]
[BlackElo "2470"]

1.d4 Nf6 2.c4 e6 3.Nc3 Bb4 4.Qc2 O-O 5.a3 Bxc3+ 6.Qxc3 b6 7.Bg5 c5 8.dxc5 bxc5
9.e3 d6 10.f3 Nbd7 11.Nh3 Qb6 12.Rd1 d5 13.Be2 a5 14.O-O Bb7 15.Rd2 Rfc8
16.Rfd1 Bc6 17.Rc1 Rab8 18.Bd1 dxc4 19.Nf2 Nd5 20.Qxc4 h6 21.Bf4 Bb5 22.Qe4 N7f6
23.Qe5 Nxf4 24.exf4 c4 25.Be2 Rc5 26.Qd4 Qc7 27.g3 Rd5 28.Qe3 Ba6 29.Rdc2 Rc5
30.Nd3 Rd5 31.Ne5 Qd6 32.Nxc4 Bxc4 33.Bxc4 Rd1+ 34.Kg2 Rd8 35.Rxd1 Qxd1 36.Bb3 Qd6
37.Re2 Rb8 38.Ba2 Nd5 39.Qa7 Qb6 40.Qxb6 Nxb6 41.Bb3 Nd5 42.Bc2 Kf8 43.Be4 Rb3
44.Kf2 Nb6 45.Bb1 Rb5 46.Be4 Rb3 47.Bb1 Rb5 48.f5 exf5 49.Bd3 Rb3 50.Bxf5 Nc4
51.Rc2 Nxb2 52.Be4 Nd1+ 53.Ke1 Nc3 54.Bc6 Rxa3 55.Kd2 Na2  0-1

[Event "CZE Tschechien-ch"]
[Site "Prague"]
[Date "1995.??.??"]
[Round "?"]
[White "Pribyl, Martin"]
[Black "Votava, Jan"]
[Result "0-1"]
[WhiteElo "2390"]
[BlackElo "2440"]

1.d4 Nf6 2.c4 e6 3.Nc3 Bb4 4.Qc2 O-O 5.a3 Bxc3+ 6.Qxc3 b6 7.Bg5 Bb7 8.f3 d6
9.e3 Nbd7 10.Bd3 h6 11.Bh4 c5 12.Ne2 d5 13.cxd5 exd5 14.O-O Re8 15.Qd2 Qe7
16.Bf2 a5 17.Bc2 Nf8 18.Ng3 g6 19.e4 dxe4 20.fxe4 Ng4 21.d5 Ba6 22.Rfd1 Nxf2
23.Qxf2 Qd6 24.Bd3 c4 25.Be2 Nd7 26.Kh1 Nc5 27.Rf1 Ra7 28.Qf6 Qxf6 29.Rxf6 Nd7
30.Rff1 Kg7 31.Rad1 Ne5 32.Rd4 Rd8 33.Rfd1 Rd6 34.Nf1 b5 35.Ne3 a4 36.Ng4 Nxg4
37.Bxg4 Kf6 38.R4d2 Ke5 39.Rf2 Rc7 40.Rdf1 f6 41.Be6 c3 42.bxc3 b4 43.cxb4 Bxf1
44.Rxf1 Rc3 45.Ra1 Rd8 46.h3 Kxe4 47.Kh2 f5 48.Re1+ Kd4 49.Rd1+ Ke3 50.Ra1 Kd2
51.h4 f4 52.Bg4 Rc1 53.Ra2+ Kc3 54.Be6 Rc2 55.Ra1 f3 56.Kg3 fxg2 57.Rg1 Kb2
58.Rxg2 Rxg2+ 59.Kxg2 Kxa3 60.b5 Rd6 61.Kf3 Kb4 62.b6 Rxb6 63.Ke4 a3 64.d6 Rxd6  0-1

[Event "Rostov on Don (Women)"]
[Site "Rostov"]
[Date "1995.??.??"]
[Round "9"]
[White "Prudnikova, Svetlana"]
[Black "Kulish, Irina"]
[Result "1-0"]
[WhiteElo "2405"]
[BlackElo "2245"]

1.d4 Nf6 2.c4 e6 3.Nc3 Bb4 4.Qc2 O-O 5.a3 Bxc3+ 6.Qxc3 b6 7.Bg5 Bb7 8.f3 d6
9.e4 c5 10.dxc5 bxc5 11.O-O-O Nxe4 12.Bxd8 Nxc3 13.Rxd6 Na4 14.Bh4 Nb6 15.b3 Rc8
16.Ne2 Nc6 17.Bf2 Ne7 18.Ng3 Ng6 19.Bd3 Ne5 20.Be4 Rab8 21.Rhd1 Ba6 22.Bc2 Bb7
23.Ne4 Bxe4 24.Bxe4 Kf8 25.Bg3 Ng6 26.R6d2 e5 27.Bxg6 hxg6 28.Bxe5 Rb7 29.Rd8+ Ke7
30.Rxc8 Nxc8 31.Kc2 f6 32.Bg3 Nb6 33.Bd6+  1-0

[Event "San Luis Clarin GP"]
[Site "San Luis"]
[Date "1995.??.??"]
[Round "2"]
[White "Llanos, Guillermo"]
[Black "Servat, Roberto"]
[Result "0-1"]
[WhiteElo "2360"]
[BlackElo "2450"]

1.d4 Nf6 2.c4 e6 3.Nc3 Bb4 4.Qc2 O-O 5.a3 Bxc3+ 6.Qxc3 b6 7.Nf3 Bb7 8.e3 d6
9.b4 Nbd7 10.Bb2 Ne4 11.Qc2 f5 12.Bd3 c5 13.dxc5 bxc5 14.O-O Qe7 15.b5 e5
16.Ne1 Qg5 17.Kh1 Rf6 18.f3 Raf8 19.Qe2 Rh6 20.fxe4 fxe4 21.Rxf8+ Nxf8 22.Bb1 Qg3
23.h3 Ne6 24.Nc2 Ng5 25.Qe1 Rxh3+ 26.gxh3 Qxh3+ 27.Kg1 Nf3+ 28.Kf2 Qh2+ 29.Kf1 Nxe1
30.Kxe1 Bc8 31.Kd1 Bg4+ 32.Kc1 Qg1+ 33.Kd2 Qd1+  0-1

[Event "San Salvador zt"]
[Site "San Salvador"]
[Date "1995.??.??"]
[Round "?"]
[White "Santa, Luis A"]
[Black "Fernandez, Marino"]
[Result "0-1"]
[WhiteElo "2285"]
[BlackElo "2230"]

1.d4 Nf6 2.c4 e6 3.Nc3 Bb4 4.Qc2 O-O 5.a3 Bxc3+ 6.Qxc3 b6 7.Bg5 Bb7 8.e3 d6
9.f3 Nbd7 10.Bd3 c5 11.Ne2 Rc8 12.O-O cxd4 13.exd4 d5 14.b3 Ba6 15.Rfc1 dxc4
16.bxc4 Bxc4 17.Bxc4 b5 18.Qd3 bxc4 19.Rxc4 Rxc4 20.Qxc4 Qa5 21.Bxf6 Nxf6
22.Qc5 Qd2 23.Kf2 Nd5 24.Qc1 Qd3 25.Rb1 h6 26.Rb7 a6 27.a4 Rd8 28.a5 Rf8
29.Qc6 Rd8 30.Qc1 Rf8 31.Qc6 Qe3+ 32.Kf1 Qd3 33.Kf2 Qe3+ 34.Kf1 Qd2 35.Qxa6 Nb4
36.Rxb4 Qxb4 37.Kf2 Rb8 38.Qa7 Qb7 39.Qc5 Rc8 40.Qa3 Ra8 41.Nc3 Qa7  0-1

[Event "Santa Cruz de la Palma op"]
[Site "Santa Cruz"]
[Date "1995.??.??"]
[Round "?"]
[White "Touzane, Olivier"]
[Black "Garcia Palermo, Carlos"]
[Result "0-1"]
[WhiteElo "2310"]
[BlackElo "2490"]

1.d4 Nf6 2.c4 e6 3.Nc3 Bb4 4.Qc2 O-O 5.a3 Bxc3+ 6.Qxc3 b6 7.Bg5 h6 8.Bh4 c5
9.dxc5 bxc5 10.e3 a5 11.Nf3 d6 12.Rd1 Ra6 13.Be2 Nbd7 14.O-O Bb7 15.Nd2 a4
16.Bxf6 Nxf6 17.Bf3 Qe7 18.b4 axb3 19.Qxb3 Bxf3 20.Nxf3 Rfa8 21.Qd3 Ne8 22.h3 Rxa3
23.Qc2 Ra2 24.Qb3 Qa7 25.Rd2 Ra3 26.Qb1  0-1

[Event "Santa Cruz de la Palma op"]
[Site "Santa Cruz"]
[Date "1995.??.??"]
[Round "?"]
[White "Garcia Palermo, Carlos"]
[Black "Mitkov, Nikola"]
[Result "1-0"]
[WhiteElo "2490"]
[BlackElo "2475"]

1.d4 Nf6 2.c4 e6 3.Nc3 Bb4 4.Qc2 O-O 5.a3 Bxc3+ 6.Qxc3 b6 7.Nf3 c5 8.e3 Bb7
9.b4 a5 10.bxc5 bxc5 11.Be2 d6 12.O-O Nbd7 13.Rd1 Qc7 14.Bd2 Rfc8 15.Be1 Ba6
16.Rac1 d5 17.Qb2 Qb6 18.Qa2 dxc4 19.Bxc4 a4 20.Bxa6 Qxa6 21.Qc4 Qxc4 22.Rxc4 cxd4
23.Rcxd4 Nb6 24.Ne5 h6 25.e4 Rc7 26.f3 Raa7 27.Rd8+ Kh7 28.Bf2 Rab7 29.Bxb6 Rxb6
30.Ra8 Rb5 31.Nd3 Rb3 32.Rxa4 Nh5 33.Ne1 Nf4 34.Ra1 Rb2 35.Rb4 Re2 36.Kf1 Rd2
37.a4 Rc3 38.a5 Re3 39.e5 g5 40.a6 Ree2 41.Rxf4 gxf4 42.a7 Ra2 43.a8=Q Rxa8
44.Rxa8 Rxe5 45.Nd3 Rf5 46.Ra4 e5 47.Ra5 f6 48.Ra7+ Kg6 49.Nc5 Rh5 50.h3  1-0

[Event "CRO-ch"]
[Site "Slavonski Brod"]
[Date "1995.??.??"]
[Round "?"]
[White "Hulak, Krunoslav"]
[Black "Dizdar, Goran"]
[Result "1/2-1/2"]
[WhiteElo "2545"]
[BlackElo "2510"]

1.d4 Nf6 2.c4 e6 3.Nc3 Bb4 4.Qc2 O-O 5.a3 Bxc3+ 6.Qxc3 d6 7.Nf3 Nc6 8.Bg5 h6
9.Bh4 g5 10.Bg3 Ne4 11.Qc2 f5 12.e3 Qf6 13.d5 Nd8  1/2-1/2

[Event "SLO-chT"]
[Site "?"]
[Date "1995.??.??"]
[Round "5"]
[White "Rusjan, Miran"]
[Black "Jazbinsek, Sebastjan"]
[Result "0-1"]
[WhiteElo "2220"]
[BlackElo "2200"]

1.d4 Nf6 2.c4 e6 3.Nc3 Bb4 4.Qc2 O-O 5.a3 Bxc3+ 6.Qxc3 b6 7.Bg5 Bb7 8.f3 d5
9.e3 Nbd7 10.Bd3 h6 11.Bh4 c5 12.cxd5 exd5 13.Ne2 Qe7 14.Qd2 Rfe8 15.Bf2 Rad8
16.O-O Qf8 17.Ng3 Re7 18.Rae1 Rde8 19.Qc1 c4 20.Bc2 g6 21.Qb1 Qg7 22.h3 h5
23.b3 Ba6 24.b4 Bb7 25.Qc1 Qh6 26.Ne2 Kg7 27.Nc3 a6 28.h4 Re6 29.Re2 b5 30.Be1 R8e7
31.Bd2 Qh8 32.Qb2 Kh7 33.a4 Bc6 34.axb5 axb5 35.Ra1 Qb8 36.Ra5 Nb6 37.Qa1 Nc8
38.Nd1 Ne8 39.Bb1 f5 40.f4 Nf6 41.Nf2 Ra7 42.Rxa7+ Qxa7 43.Qxa7+ Nxa7 44.Bc1 Bb7
45.Ra2 Nc6 46.Rb2 Nxd4 47.Ra2 Nc6 48.Kf1 Re8 49.Bb2 Nd7 50.g4 hxg4 51.h5 Ra8
52.Rxa8 Bxa8 53.Nxg4 Nxb4 54.Ne5 Nxe5 55.fxe5 Bc6 56.hxg6+ Kxg6 57.Ke2 Bd7
58.Ba3 Nc6 59.Bd6 Kf7 60.Kd2 Ke6 61.Kc3 Nxe5 62.Bxe5 Kxe5 63.Bc2 d4+ 64.exd4+ Kd5
65.Bd1 b4+  0-1

[Event "SWZ-ch"]
[Site "SWZ"]
[Date "1995.??.??"]
[Round "5"]
[White "Gerber, Richard"]
[Black "Ekstroem, Roland"]
[Result "0-1"]
[WhiteElo "2360"]
[BlackElo "2430"]

1.d4 e6 2.c4 Bb4+ 3.Nc3 Nf6 4.Qc2 O-O 5.a3 Bxc3+ 6.Qxc3 b6 7.Bg5 Bb7 8.e3 d6
9.Nf3 Nbd7 10.Be2 c5 11.b4 Rc8 12.Qb3 Qc7 13.dxc5 bxc5 14.O-O Ne4 15.Bh4 h6
16.Rad1 cxb4 17.axb4 d5 18.c5 a5 19.bxa5 Ndxc5 20.Qa3 Ra8 21.Ra1 Ba6 22.Bxa6 Rxa6
23.Rfb1 Rfa8 24.Rb5 Nb7 25.Rc1 Qd6 26.Qd3 Nxa5 27.Bg3 Nxg3 28.hxg3 Nc6 29.g4 Ne5
30.Nxe5 Qxe5 31.g3 Ra4 32.Rbc5 g6 33.Qd1 Kg7 34.Rc8 Rxc8 35.Rxc8 Ra2  0-1

[Event "SWZ-chT"]
[Site "SWZ"]
[Date "1995.??.??"]
[Round "5"]
[White "Kelecevic, Nedeljko"]
[Black "Ekstroem, Roland"]
[Result "1-0"]
[WhiteElo "2435"]
[BlackElo "2435"]

1.d4 Nf6 2.c4 e6 3.Nc3 Bb4 4.Qc2 O-O 5.a3 Bxc3+ 6.Qxc3 b6 7.Bg5 Bb7 8.e3 d6
9.f3 Nbd7 10.Bd3 c5 11.Ne2 Rc8 12.b4 d5 13.dxc5 bxc5 14.b5 h6 15.Bh4 Ne4
16.Bxd8 Nxc3 17.Ba5 Ne5 18.Bxc3 Nxd3+ 19.Kd2 dxc4 20.Kc2 e5 21.h3 Rfd8 22.Rhd1 f6
23.Ba5 Rd6 24.Kc3 f5 25.Rd2 e4 26.f4 Bd5 27.g4 fxg4 28.hxg4 a6 29.b6 Rb8
30.Kc2 Bc6 31.Kc3 Bd5 32.Kc2 Rg6 33.Rg1 Kf7 34.Nc3 Bc6 35.Rdg2 Rh8 36.Nb1 Rb8
37.Nd2 Bd5 38.Kc3 Rd6 39.Nxc4 Bxc4 40.Kxc4 g5 41.fxg5 hxg5 42.Bc3 Rbxb6 43.Rf1+ Ke7
44.Rh2 Rh6 45.Rxh6 Rxh6 46.Kd5 c4 47.Rf5 Rb6 48.Kxe4 Rb3 49.Kd4 Nb2 50.Bxb2 Rxb2
51.Kxc4 Ra2 52.Ra5 Rg2 53.Rxg5 Kf6 54.Rf5+ Ke6 55.Ra5 Rxg4+ 56.Kd3 Kd6 57.Rxa6+ Kc5
58.Ra8 Rg1 59.Ke4 Kd6 60.a4 Kc7 61.Ke5 Ra1 62.e4 Ra2 63.Kd5 Rd2+ 64.Ke6 Rd4
65.e5 Kb7 66.Ra5 Kb6 67.Rb5+ Kc6 68.Rb1 Rxa4 69.Rc1+ Kb7 70.Ke7 Rf4 71.e6 Rf2
72.Kd7 Rd2+ 73.Ke8 Re2 74.e7 Rf2 75.Rc4 Rf1 76.Kd7 Rd1+ 77.Ke6 Re1+ 78.Kf6 Re2
79.Rc5  1-0